000 00766nam a2200253 i 4500
001 bg
100 1 _aGrynkiewicz, Tomasz.
245 1 0 _aTwoja firma w internecie /
_cTomasz Grynkiewicz, Przemysław Poznański.
260 _aWarszawa :
_bAgora,
_ccop. 2011.
300 _a68 s. :
_bil. ;
_c21 cm.
500 _aNa okł.: Strona www, rejestracja domeny, reklama i promocja, prawo i bezpieczeństwo. Dod. do Gazety Wyborczej.
650 4 _aMarketing elektroniczny
700 1 _aPoznański, Przemysław.
015 _aPB 8034/2011
020 _a9788326801280
040 _cBPK
041 _apol
044 _aPOL
080 _a339.138
080 _a004.738.5
920 _a978-83-268-0128-0
942 _cKS
008 120507s2011 pl a |000 0 pol
999 _c49774
_d49774
856 _uhttp://koha.tu.koszalin.pl/cgi-bin/koha/opac-detail.pl?biblionumber=49774
_yKatalog online BPK